1649 1146 1780 1561 1074 1737 1791 1919 1605 1286 1136 1191 1562 1501 1685 1009 1737 1317 1154 1259 1848 1254 1530 1420 1331 1802 1623 1384 1002 1690 1111 1022 1856 1365 1217 1237 1621 1703 1664 1287 1829 1462 1081 1636 1731 1773 1024 1691 1134 1890 1682 1415 1618 1455 1241 1277 1830 1520 1585 1997 1481 1159 1564 1386 1907 1048 1402 1892 1583 1302 1088 1893 1318 1830 1569 1219 1595 1557 1228 1857 1218 1725 1369 1641 1964 1776 1521 1970 1081 1742 1625 1701 1340 1379 1201 1704 1140 1040 1044 BCNSPRNW ULIB Ver.6.0+V

เปลี่ยนเป็นภาษาไทย

Change to English
 แสดงรายละเอียดบรรณานุกรม
  กลับหน้าหลัก

Brief Record : Get Marc (ISO 2709) : E-mail record : QR code < ปิดหน้าต่าง
LEADER : 00000nam 2200000uu 4500
001    13399120792
003     ULIB
008    121017s2548||||th 000 0 tha d
099    วจ.WP580^bช356ป
100 0  ชัชรีย์ บำรุงศรี, สุดกัญญา ปานเจริญ และจรรยา เปรมจิตห์
245 00 ปัจจัยที่มีอิทธิพลต่อพฤติกรรมส่งเสริมสุขภาพของสตรีวัยหมดประจำหมดประจำเดือนที่มีรับบริการในคลินิก สตรีวัยหมดประจำเดือนจังหวัดนครสวรรค์^cชัชรีย์ บำรุงศรี, สุดกัญญา ปานเจริญ และจรรยา เปรมจิตห์
246 0  Factors affecting health promoting behaviors of menopausal women attending menopausal clinic in nakhonsawan province
260    นครสวรรค์:^bสำนักงานกองทุนสนับสนุนการสร้างเสริมสุขภาพ(สสส)และวิทยาลัยพยาบาลบรมราชชนนี สวรรค์ประชารักษ์ นครสวรรค์^c2548
300    97 แผ่น
650  0 สตรีวัยหมดระดู^xวิจัย
700 0  สุดกัญญา ปานเจริญ
700 0  จรรยา เปรมจิตห์
945    ^p0^l0^i032844
945    ^p0^l0^i032850
945    ^p0^l0^i000269
995    เกษร
999    ^aใช้งานได้ทุกระบบ
รายการนี้ยังไม่มีแท็ก
คุณยังไม่ได้ล็อกอิน คุณสามารถมีกิจกรรมร่วมกับเว็บไซต์ได้ แต่ต้องล็อกอินก่อน ::
  ล็อกอิน

รายการสื่อสารสนเทศ

ลำดับที่ ประเภท เลขเรียก/บาร์โค้ด สถานที่ สถานะ
1. งานวิจัย
งานวิจัย
วจ.WP580 ช356ป  
  Barcode: 032844
ห้องสมุดวิทยาเขตสวรรค์ประชารักษ์
►วิจัย
บนชั้น
2. งานวิจัย
งานวิจัย
วจ.WP580 ช356ป ฉ.2 
  Barcode: 032850
ห้องสมุดวิทยาเขตสวรรค์ประชารักษ์
►วิจัย
บนชั้น
3. งานวิจัย
งานวิจัย
วจ.WP580 ช356ป ฉ.3 
  Barcode: 000269
ห้องสมุดวิทยาเขตสวรรค์ประชารักษ์
►วิจัย
บนชั้น

BibComment


ยังไม่เคยถูกคอมเมนท์

คอมเมนท์ทรัพยากรรายการนี้
  คอมเมนท์: ปัจจัยที่มีอิทธิพ..


 Copyright 2026. Bcnsprnw @Library